Joga v školách - áno či nie?

Bibliographic Details
Main Author: Duchoňová, Xénia (Author)
Format: Article
Language:Slovak
ISSN:1335-3470
Subjects:

MARC

LEADER 00000nab a2200000 a 4500
001 vtls000766043
003 SK-MaSNL
005 20260304113652.0
008 250429c2001 xo 0 slo
015 |a SNBRB2001/08-24484 
035 |a CLN000117830 
035 |a urn:nbn:sk:snk-ab96z9 
035 |a (urnnbn)urn:nbn:sk:snk:ar-00740h 
035 |a (uuid)fd1aa7db-638d-4528-8c11-6faa710a93d7 
040 |a SNKBUCL  |b slo  |c SNKBUCL  |e AACR2 
041 0 |a slo 
044 |a xo  |c SK 
080 |a 371.72:294.527  |2 1997 
080 |a 796.41.015:294.527  |2 1997 
080 |a 294.527  |2 1997 
100 1 |a Duchoňová, Xénia  |4 aut  |9 890912 
245 1 0 |a Joga v školách - áno či nie?  |c Xénia Duchoňová 
650 0 7 |a joga  |x školstvo  |2 snkbucl  |9 847494 
650 0 7 |a školstvo  |z Slovensko  |x joga  |x zavádzanie  |x protiargumenty  |2 snkbucl  |9 1417284 
655 7 |a články z novín a časopisov  |2 snkbucl  |9 267496 
773 0 |t Kultúra  |g Roč. 4, č. 14-15 (2001), s. 19  |x 1335-3470 
850 |a Slovenská národná knižnica 
852 |a Slovenská národná knižnica 
954 |a odborná, vedecká literatúra pôvodná (slovenská)  |2 lita 
958 |a article13 
958 |a OND 
958 |a SK 
958 |a EUIPO 
992 |a RBX 
999 |c 2870331  |d 2872261